00376nam a2200145Ia 4500003000400000005001700004008004100021020001800062040000900080082001700089100001900106245004300125260005300168300000900221OSt20200118135527.0190216s9999||||xx |||||||||||||| ||und|| a9788120339262 coclc a658.5bMAH/O aMahapatra, P B 0aOperations Management /cP B Mahapatra bPHI Learning Private Limited,c2010.aNew Delhi: a628p